Formula One drivers - 10 years ago - Statistics

General Stats
  • This quiz has been taken 1,801 times
  • The average score is 15 of 25
Answer Stats
Nationality Team(s) Points scored Answer % Correct
German Ferrari 148 Michael Schumacher
99%
German Williams 24 Ralf Schumacher
99%
Spanish Renault 59 Fernando Alonso
98%
Finnish McLaren 45 Kimi Räikkönen
93%
Brazilian Ferrari 114 Rubens Barrichello
93%
British BAR 85 Jenson Button
91%
Colombian Williams 58 Juan Pablo Montoya
89%
Brazilian Sauber 12 Felipe Massa
86%
Australian Jaguar 7 Mark Webber
83%
British McLaren 24 David Coulthard
80%
Italian Renault / Toyota 46 Jarno Trulli
78%
Italian Sauber 22 Giancarlo Fisichella
73%
Japanese BAR 34 Takuma Sato
72%
Canadian Renault 0 Jacques Villeneuve
67%
French Toyota 6 Olivier Panis
47%
German Jordan 3 Nick Heidfeld
45%
German Jordan 2 Timo Glock
39%
Austrian Jaguar 3 Christian Klien
38%
Hungarian Minardi 1 Zsolt Baumgartner
35%
Spanish Williams 0 Marc Gené
26%
Brazilian Williams 6 Antônio Pizzonia
24%
Brazilian Toyota 3 Cristiano da Matta
24%
Brazilian Toyota 0 Ricardo Zonta
22%
Italian Jordan 0 Giorgio Pantano
16%
Italian Minardi 0 Gianmaria Bruni
15%
No matching quizzes found
Score Distribution
Percent of People with Each Score
Percentile by Number Answered
Your Score History
You have not taken this quiz